| 000 | 00989nam a2200289 i 4500 | ||
|---|---|---|---|
| 001 | bg | ||
| 245 | 0 | 0 |
_aUbezpieczenia w Unii Europejskiej / _cpod red. Jana Monkiewicza. |
| 260 |
_aWarszawa : _b"Poltext", _c2002. |
||
| 300 |
_a599 s. ; _c21 cm. |
||
| 490 | 1 | _aUbezpieczenia | |
| 504 | _aBibliogr., wykaz aktów prawnych. | ||
| 610 | 2 | 9 |
_aUnia Europejska a Polska _xubezpieczenia |
| 650 | 9 |
_aHarmonizacja prawa _zPolska |
|
| 650 | 9 |
_aRynek ubezpieczeniowy _zkraje Unii Europejskiej |
|
| 650 | 9 |
_aUbezpieczenia _xprawo wspólnotowe europejskie _ystan na 2002 r. |
|
| 651 | 9 |
_aPolska a Unia Europejska _xubezpieczenia |
|
| 700 | 1 |
_aMONKIEWICZ, Jan _d(1949- ). _eRed. |
|
| 830 | _aUbezpieczenia | ||
| 020 | _a8388840177 | ||
| 040 | _cBPK | ||
| 041 | 0 | _apl | |
| 080 | _a347.764:349.3:369:368.02](438:4-67) | ||
| 920 | _a83-88840-17-7 | ||
| 942 | _cKS | ||
| 008 | s pl f |000 0 pol | ||
| 999 |
_c41771 _d41771 |
||
| 856 |
_uhttp://koha.tu.koszalin.pl/cgi-bin/koha/opac-detail.pl?biblionumber=41771 _yKatalog online BPK |
||